Lana Del Rey songs beginning with letter "M" - Statistics

General Stats
  • This quiz has been taken 72 times
  • The average score is 4 of 5
Answer Stats
Hint Answer % Correct
Did you know that there's a tunnel under Ocean Blvd Margaret
87%
Ultraviolence Money power glory
80%
Norman fucking Rockwell Mariners Apartment Complex
77%
Born to die Million dollar man
77%
Honeymoon Music to watch boys to
75%
No matching quizzes found
Score Distribution
Percent of People with Each Score
Percentile by Number Answered
Your Score History
You have not taken this quiz